000
00361nam a2200157Ia 4500
005
20250423094845.0
008
250422s9999 xx 000 0 und d
020
_a
978-0-19-920516
100
_a
Mclean Iain
245
0
_a
Concise dictionary of politics
260
_a
New York
260
_b
Oxford
300
_a
599 p
650
_a
Dictioanery
942
_c
BK
999
_c
28508
_d
28508